UM Logo

Sine at sosyedad (o pelikulang panlipunan) / (Record no. 17580)

MARC details
000 -LEADER
fixed length control field 00963nam a22002417a 4500
008 - FIXED-LENGTH DATA ELEMENTS--GENERAL INFORMATION
fixed length control field 221108b ||||| |||| 00| 0 eng d
020 ## - INTERNATIONAL STANDARD BOOK NUMBER
International Standard Book Number 9789718219287
082 ## - DEWEY DECIMAL CLASSIFICATION NUMBER
Edition number 2020
Classification number DFil 899.211
Item number Si63
100 ## - MAIN ENTRY--PERSONAL NAME
Personal name Bernales, Rolando A.
9 (RLIN) 46708
245 ## - TITLE STATEMENT
Title Sine at sosyedad (o pelikulang panlipunan) /
Statement of responsibility, etc. Rolando A. Bernales and seven others.
260 ## - PUBLICATION, DISTRIBUTION, ETC. (IMPRINT)
Place of publication, distribution, etc. Malabon City :
Name of publisher, distributor, etc. Mutya Publishing House, Inc.,
Date of publication, distribution, etc. ©2020.
300 ## - PHYSICAL DESCRIPTION
Extent 205 pages :
Other physical details illustrations ;
Dimensions 25 cm.
500 ## - GENERAL NOTE
General note Includes bibliographical references and appendix.<br/>
650 ## - SUBJECT ADDED ENTRY--TOPICAL TERM
Topical term or geographic name as entry element Literature
Geographic subdivision Philippine.
9 (RLIN) 34896
700 ## - ADDED ENTRY--PERSONAL NAME
Personal name Zafra, Reynele Bren G.
Relator term author.
9 (RLIN) 46709
700 ## - ADDED ENTRY--PERSONAL NAME
Personal name Sicat-De laza, Crizel.
Relator term author.
9 (RLIN) 46710
700 ## - ADDED ENTRY--PERSONAL NAME
Personal name Ravina, Elmar A.
Relator term author.
9 (RLIN) 46711
700 ## - ADDED ENTRY--PERSONAL NAME
Personal name Unciano, Ma. Jesusa R.
Relator term author.
9 (RLIN) 46712
700 ## - ADDED ENTRY--PERSONAL NAME
Personal name Salvador, Nelie S.
Relator term author.
9 (RLIN) 46713
700 ## - ADDED ENTRY--PERSONAL NAME
Personal name Rivera, Janet F.
Relator term author.
9 (RLIN) 7347
700 ## - ADDED ENTRY--PERSONAL NAME
Personal name Caguioa, Paz Imelda C.
Relator term author.
9 (RLIN) 46714
942 ## - ADDED ENTRY ELEMENTS (KOHA)
Source of classification or shelving scheme Dewey Decimal Classification
Koha item type Filipiniana
Holdings
Withdrawn status Lost status Source of classification or shelving scheme Damaged status Not for loan Collection code Home library Current library Date acquired Source of acquisition Cost, normal purchase price Total Checkouts Full call number Barcode Date last seen Price effective from Koha item type
    Dewey Decimal Classification     Filipiniana UM Digos College - LIC UM Digos College - LIC 08/16/2022 Purchased 592.00   DFil 899.211 Si63 2020 26999 05/15/2025 11/08/2022 Filipiniana